Statistics for Top 50 Premier League players 22/23

Click here to take the quiz!

General Stats

  • This quiz has been taken 78 times
  • The average score is 37 of 50

Answer Stats

CLUBPOSANSWER% Correct
MANCMIDDe Bruyne
96%
LIVATTSalah
96%
MANCATTHaaland
94%
LIVDEFVan Dijk
94%
TOTATTKane
90%
ARSATTSaka
90%
TOTATTSon
90%
LIVGKAlisson
86%
MANCMIDBernardo Silva
86%
MANUATTRashford
86%
MANCDEFRuben Dias
86%
CHEDEFThiago Silva
86%
MANCGKEderson
85%
ARSATTJesus
85%
LIVDEFRobertson
82%
MANCDEFWalker
82%
MANUGKDe Gea
81%
MANCATTGrealish
81%
ARSATTMartinelli
79%
LIVDEFAlexander-Arnold
78%
CHEMIDKante
78%
ARSMIDOdegaard
78%
MANUMIDCasemiro
76%
NEWGKPope
76%
MANCMIDRodri
76%
MANUMIDBruno Fernandes
75%
NEWATTIsak
75%
EVEGKPickford
75%
WHUMIDRice
75%
BRIATTFoden
74%
MANCMIDGundogan
69%
LEIMIDMaddison
69%
CHEATTSterling
69%
BREATTToney
69%
CHEDEFJames
68%
NEWDEFTrippier
68%
MANCATTMahrez
67%
MANUDEFMartinez
67%
LIVMIDFabinho
65%
ARSDEFSaliba
65%
WHUATTBowen
64%
NEWATTAlmiron
61%
MANUDEFVarane
61%
ARSMIDJorginho
60%
MANCDEFLaporte
60%
BRIMIDCaicedo
56%
CHEDEFKoulibaly
54%
CHEATTJoao Felix
42%
FULMIDPalhinha
38%
CHEMIDEnzo Fernandez
29%

Score Distribution

Percentile by Number Answered

Percent of People with Each Score

Your Score History

You have not taken this quiz